000 00209nam a22000857a 4500
008 160711b xxu||||| |||| 00| 0 eng d
100 _92609
_a Olsen, V
245 _aDaktar II
260 _aChicago
_b Moody Press
_c1990
999 _c2265
_d2265